<?xml version="1.0" encoding="UTF-8"?><?xml-stylesheet type="text/xsl" href="static/style.xsl"?><OAI-PMH xmlns="http://www.openarchives.org/OAI/2.0/" xmlns:xsi="http://www.w3.org/2001/XMLSchema-instance" xsi:schemaLocation="http://www.openarchives.org/OAI/2.0/ http://www.openarchives.org/OAI/2.0/OAI-PMH.xsd"><responseDate>2026-06-05T14:41:25Z</responseDate><request verb="GetRecord" identifier="oai:riuma.uma.es:10630/12782" metadataPrefix="marc">https://riuma.uma.es/rest/oai/request</request><GetRecord><record><header><identifier>oai:riuma.uma.es:10630/12782</identifier><datestamp>2026-02-03T12:50:55Z</datestamp><setSpec>com_10630_27</setSpec><setSpec>com_10630_3139</setSpec><setSpec>com_10630_10</setSpec><setSpec>col_10630_12679</setSpec></header><metadata><record xmlns="http://www.loc.gov/MARC21/slim" xmlns:dcterms="http://purl.org/dc/terms/" xmlns:doc="http://www.lyncode.com/xoai" xmlns:xsi="http://www.w3.org/2001/XMLSchema-instance" xsi:schemaLocation="http://www.loc.gov/MARC21/slim http://www.loc.gov/standards/marcxml/schema/MARC21slim.xsd">
   <leader>00925njm 22002777a 4500</leader>
   <datafield ind2=" " ind1=" " tag="042">
      <subfield code="a">dc</subfield>
   </datafield>
   <datafield ind2=" " ind1=" " tag="720">
      <subfield code="a">Talavera Lozano, Salvador</subfield>
      <subfield code="e">author</subfield>
   </datafield>
   <datafield ind2=" " ind1=" " tag="720">
      <subfield code="a">Tremetsberger, Karin</subfield>
      <subfield code="e">author</subfield>
   </datafield>
   <datafield ind2=" " ind1=" " tag="720">
      <subfield code="a">Ortíz, María de los Ángeles</subfield>
      <subfield code="e">author</subfield>
   </datafield>
   <datafield ind2=" " ind1=" " tag="720">
      <subfield code="a">Ariza, María Jesús</subfield>
      <subfield code="e">author</subfield>
   </datafield>
   <datafield ind2=" " ind1=" " tag="720">
      <subfield code="a">Talavera Solís, María</subfield>
      <subfield code="e">author</subfield>
   </datafield>
   <datafield ind2=" " ind1=" " tag="260">
      <subfield code="c">2016</subfield>
   </datafield>
   <datafield ind2=" " ind1=" " tag="520">
      <subfield code="a">Se presenta la revisión taxonómica del género &#xd;
Helminthotheca Vaill., basada en el estudio morfol&#xd;
ógico de material en toda su área de distribución. El género, que se incluye en la subtribu Hypochaeridinae de la tribu Cichorieae, tiene una distribución centrada principalmente en el oeste de la Región Mediterránea, y se diferencia del resto de los géneros de la subtribu por la presencia de acúleos ± espinosos y setas gloquidiadas en los tallos, hojas y a &#xd;
veces en las brácteas del involucro, pero sobre todo por la presencia de 5 hojas involucrantes que rodean al verdadero involucro del capítulo. Sobre la base del ciclo de vida, la morfología de las hojas involucrantes y los tipos de frutos, las distintas especies del género se reagrupan en tres secciones: Helminthotheca, Vigineixia y &#xd;
Eliptica. Las secciones Helminthotheca y Vigineixia, ambas monotípicas, comprenden especies anuales, con hojas involucrantes cordiformes y los frutos del capítulo dimorfos. La sección Eliptica, con 5 especies reconocidas,  se diferencia de las otras secciones por incluir  especies perennes, con hojas involucrantes ovadas o elípticas y frutos del capítulo homomorfos. En este trabajo se efectúa una combinación nueva, &#xd;
Helminthotheca sect. Vigineixia (Pomel) Talavera, y se da un nombre nuevo a Picris subgen. Deckera sensu Battandier: Helminthotheca sect. Eliptica &#xd;
Talavera &amp; Tremetsberger. La sección Eliptica es la más compleja debido, sobre todo, a la hibridación interespecífica cuando las especies conviven, habiéndose detectado zonas híbridas en el N del Guadalquivir al W de Sierra Morena (S de España), en el extremo más occidental de las montañas del Rif, cerca de la Península ingitana, en el E del Rif (NW of Marruecos), en las montañas del Atlas argelino y en las colinas arcillosas de Beni-Zenthis (Orán, Argelia)</subfield>
   </datafield>
   <datafield ind1="8" ind2=" " tag="024">
      <subfield code="a">Acta Botánica Malacitana, nº 41, 2016, págs. 49-81</subfield>
   </datafield>
   <datafield ind1="8" ind2=" " tag="024">
      <subfield code="a">0210-9506</subfield>
   </datafield>
   <datafield ind1="8" ind2=" " tag="024">
      <subfield code="a">http://hdl.handle.net/10630/12782</subfield>
   </datafield>
   <datafield tag="653" ind2=" " ind1=" ">
      <subfield code="a">Flora - Mediterraneo</subfield>
   </datafield>
   <datafield ind2="0" ind1="0" tag="245">
      <subfield code="a">Revisión del género Helminthotheca Vaill. (Cichorieae, Compositae)</subfield>
   </datafield>
</record>
</metadata></record></GetRecord></OAI-PMH>